000 00318nam a22001457a 4500
008 211018b ||||| |||| 00| 0 eng d
020 _a0070650934
041 _aeng
080 _a616.8
082 _a616.8
100 _a7
101 _aNEU
245 _aNeurodegenerative Dementias
_cClark,Ch.M
942 _2udc
_cBK
999 _c58250
_d58250